000
nam a22 7a 4500
999
_c
233366
_d
233366
003
Nust
005
20170307114041.0
008
170307b xxu||||| |||| 00| 0 eng d
040
_c
DLC
082
_a
363.125 CAI
100
_a
P. Cairney
245
_a
The Road Safety Consequences of Changing Travel Modes
942
_2
ddc
_c
BK